Algebra lineal

Bibliographic Details
Main Author: Grossman, Stanley I.
Format: Section = Libro
Language:Undetermined
Spanish
Published: México McGraw-Hill 2008
Edition:6a.ed
Subjects:
LEADER 00625nam a2200241Ia 4500
008 240830s9999 xx 000 0 und d
020 |a 970-10-6517-4 
040 |a B-ESTELÍ- RUACS / 512.5 G878 
041 |a spa 
082 |a 512.5 G878 
100 1 |a Grossman, Stanley I. 
245 1 0 |a Algebra lineal 
250 |a 6a.ed 
260 |a México  |b McGraw-Hill  |c 2008 
300 |a 762 p. :il 
650 7 |a ALGEBRA LINEAL 
650 7 |b  DETERMINANTES - PROPIEDADES 
650 7 |c  VECTORES EN R2 Y R3 
650 7 |d  ESPACIOS VECTORIALES 
650 7 |e  TRANSFORMADORES LINEALES 
942 |c BK  |2 ddc 
991 |a TEXTO 
999 |c 10919